MARC details
| 000 -LEADER |
| fixed length control field |
01502mam a2200289 a 4500 |
| 001 - CONTROL NUMBER |
| control field |
1860183 |
| 003 - CONTROL NUMBER IDENTIFIER |
| control field |
OSt |
| 005 - DATE AND TIME OF LATEST TRANSACTION |
| control field |
20151026151327.0 |
| 008 - FIXED-LENGTH DATA ELEMENTS--GENERAL INFORMATION |
| fixed length control field |
960719s1995 xxka 000 0 eng d |
| 020 ## - INTERNATIONAL STANDARD BOOK NUMBER |
| International Standard Book Number |
0582256321 (pbk) |
|
| International Standard Book Number |
0582244536 (variant) |
| 035 ## - SYSTEM CONTROL NUMBER |
| System control number |
(OCoLC)33358335 |
|
| System control number |
(OCoLC)ocm33358335 |
|
| System control number |
(NNC)1860183 |
| 040 ## - CATALOGING SOURCE |
| Transcribing agency |
PSt |
| Modifying agency |
OrLoB-B |
| 100 1# - MAIN ENTRY--PERSONAL NAME |
| Personal name |
Hannah, John, |
| Dates associated with a name |
1920- |
| 245 10 - TITLE STATEMENT |
| Title |
Applied mechanics / |
| Statement of responsibility, etc |
J. Hannah, M.J. Hillier. |
| 250 ## - EDITION STATEMENT |
| Edition statement |
3rd ed. |
| 260 ## - PUBLICATION, DISTRIBUTION, ETC. (IMPRINT) |
| Place of publication, distribution, etc |
Harlow : |
| Name of publisher, distributor, etc |
Longman Scientific & Technical, |
| Date of publication, distribution, etc |
1995. |
| 300 ## - PHYSICAL DESCRIPTION |
| Extent |
xiv, 448 p. : |
| Other physical details |
ill. ; |
| Dimensions |
24 cm. |
| 500 ## - GENERAL NOTE |
| General note |
Previous ed.: 1988. |
| 505 00 - FORMATTED CONTENTS NOTE |
| Miscellaneous information |
Ch. 1. |
| Title |
Statics -- |
| Miscellaneous information |
Ch. 2. |
| Title |
Frameworks -- |
| Miscellaneous information |
Ch. 3. |
| Title |
Friction -- |
| Miscellaneous information |
Ch. 4. |
| Title |
Velocity and Acceleration -- |
| Miscellaneous information |
Ch. 5. |
| Title |
Inertia and Change of Motion -- |
| Miscellaneous information |
Ch. 6. |
| Title |
Motion in a Circle -- |
| Miscellaneous information |
Ch. 7. |
| Title |
Balancing -- |
| Miscellaneous information |
Ch. 8. |
| Title |
Periodic Motion -- |
| Miscellaneous information |
Ch. 9. |
| Title |
Dynamics of Rotation -- |
| Miscellaneous information |
Ch. 10. |
| Title |
Work, Energy and Power -- |
| Miscellaneous information |
Ch. 11. |
| Title |
Impulse and Momentum -- |
| Miscellaneous information |
Ch. 12. |
| Title |
Aircraft and Rockets -- |
| Miscellaneous information |
Ch. 13. |
| Title |
Direct Stress and Strain -- |
| Miscellaneous information |
Ch. 14. |
| Title |
Mechanical Properties of Materials -- |
| Miscellaneous information |
Ch. 15. |
| Title |
Shear and Torsion -- |
| Miscellaneous information |
Ch. 16. |
| Title |
Shear Force and Bending Moment -- |
| Miscellaneous information |
Ch. 17. |
| Title |
Bending of Beams -- |
| Miscellaneous information |
Ch. 18. |
| Title |
Combined Bending and Direct Stress -- |
| Miscellaneous information |
Ch. 19. |
| Title |
Fluid at Rest -- |
| Miscellaneous information |
Ch. 20. |
| Title |
Fluid in Motion -- |
| Miscellaneous information |
Ch. 21. |
| Title |
Experimental Errors and the Adjustment of Data. |
| 650 #0 - SUBJECT ADDED ENTRY--TOPICAL TERM |
| Topical term or geographic name as entry element |
Mechanics, Applied. |
| 700 1# - ADDED ENTRY--PERSONAL NAME |
| Personal name |
Hillier, M. J. |
| Fuller form of name |
(Marcus Jeans) |
| 900 ## - EQUIVALENCE OR CROSS-REFERENCE-PERSONAL NAME [LOCAL, CANADA] |
| Numeration |
TOC |
| 942 ## - ADDED ENTRY ELEMENTS (KOHA) |
| Source of classification or shelving scheme |
Library of Congress Classification |
| Koha item type |
Long Loan Books |